Match the Song to the Album (1990s) - Statistics

General Stats
  • This quiz has been taken 119 times
  • The average score is 16 of 26
Answer Stats
Hint Answer % Correct
"Smells Like Teen Spirit" Nevermind
95%
"Enter Sandman" Metallica
91%
"Wannabe" Spice
81%
"Paranoid Android" OK Computer
80%
"Song 2" Blur
78%
"Basket Case" Dookie
78%
"Killing in the Name" Rage Against the Machine
74%
"Wonderwall" (What's the Story) Morning Glory?
74%
"Under the Bridge" Blood Sugar Sex Magik
73%
"You Oughta Know" Jagged Little Pill
73%
"1979" Mellon Collie and the Infinite Sadness
61%
"Jeremy" Ten
61%
"Doo Wop (That Thing)" The Miseducation of Lauryn Hill
61%
"Black Hole Sun" Superunknown
59%
"Losing My Religion" Out of Time
55%
"Bitter Sweet Symphony" Urban Hymns
53%
"All That She Wants" The Sign
51%
"Everlong" The Colour and the Shape
50%
"One" Achtung Baby
49%
"Nuthin' but a 'G' Thang" The Chronic
49%
"Waterfalls" CrazySexyCool
48%
"Don't Speak" Tragic Kingdom
41%
"Loser" Mellow Gold
38%
"Zombie" No Need to Argue
36%
"Around the World" Homework
28%
"Interstate Love Song" Purple
28%
No matching quizzes found
Score Distribution
Percent of People with Each Score
Percentile by Number Answered
Your Score History
You have not taken this quiz